Gender, equality & education: (Record no. 4899)
[ view plain ]
| 000 -LEADER | |
|---|---|
| fixed length control field | 00605nam a2200169 4500 |
| 008 - FIXED-LENGTH DATA ELEMENTS--GENERAL INFORMATION | |
| fixed length control field | 240527b |||||||| |||| 00| 0 eng d |
| 082 ## - DEWEY DECIMAL CLASSIFICATION NUMBER | |
| Classification number | 376 |
| Item number | NAR |
| 942 ## - ADDED ENTRY ELEMENTS (KOHA) | |
| Item Type | Reports |
| 100 ## - MAIN ENTRY--PERSONAL NAME | |
| Personal Name | Narayan, Swati |
| 700 ## - ADDED ENTRY--PERSONAL NAME | |
| Personal name | Rao, Nitya |
| 700 ## - ADDED ENTRY--PERSONAL NAME | |
| Personal name | Khan, Maria Lourdes A. |
| 245 ## - TITLE STATEMENT | |
| Title | Gender, equality & education: |
| Sub Title | a report card on South Asia |
| 260 ## - PUBLICATION, DISTRIBUTION, ETC. (IMPRINT) | |
| Place of Publication | Mumbai: |
| Name of Publisher | Asia South Pacific Association for Basic and Adult Education, |
| Date of Copyright | 2010 |
| 300 ## - PHYSICAL DESCRIPTION | |
| Extent | 108 p. |
| 856 ## - ELECTRONIC LOCATION AND ACCESS | |
| Uniform Resource Identifier | <a href="https://www.aspbae.org/wp-content/uploads/2022/10/Gender-Equality-Education-A-Report-Card-on-South-Asia.pdf">https://www.aspbae.org/wp-content/uploads/2022/10/Gender-Equality-Education-A-Report-Card-on-South-Asia.pdf</a> |
| 650 ## - SUBJECT ADDED ENTRY--TOPICAL TERM | |
| Topical Term | ACCESS TO EDUCATION-Women |
| Withdrawn status | Lost status | Source of classification or shelving scheme | Damaged status | Not for loan | Permanent location | Current location | Date acquired | Total Checkouts | Full call number | Barcode | Date last seen | Price effective from | Koha item type |
|---|---|---|---|---|---|---|---|---|---|---|---|---|---|
| Dewey Decimal Classification | Resource center, Muslim Women's Research And Action Forum | Resource center, Muslim Women's Research And Action Forum | 2024-05-27 | 376 NAR | RAF5263 | 2024-05-27 | 2024-05-27 | Reports |

